Vom christlichen Abendland zum christlichen Europa
| Titel: | Vom christlichen Abendland zum christlichen Europa : Perspektiven eines religiös geprägten Europabegriffs für das 21. Jahrhundert / [Hanns-Seidel-Stiftung, Akademie für Politik und Zeitgeschehen]. Philipp W. Hildmann (Hrsg.) |
|---|---|
| Beteiligt: | |
| Körperschaft: | |
| Veröffentlicht: | München : Hanns-Seidel-Stiftung, 2009 |
| Umfang: | 1 Online-Ressource |
| Format: | E-Book |
| Sprache: | Deutsch |
| Schriftenreihe/ mehrbändiges Werk: |
Argumente und Materialien zum Zeitgeschehen ; 65 |
| RVK-Notation: |
·
·
·
|
| ISBN: | 9783887953492 |
alg: 22162783 001A $03030:12-03-10 001B $01999:08-05-24 $t23:14:22.000 001D $03030:12-03-10 001U $0utf8 001X $00 002@ $0Oau 002C $aText $btxt $2rdacontent 002D $aComputermedien $bc $2rdamedia 002E $aOnline-Ressource $bcr $2rdacarrier 003@ $0221627839 003O $0604750490 $aOCoLC 004A $A978-3-88795-349-2 007A $0221627839 $aHEB 009Q $S0 $uhttp://www.hss.de/uploads/tx_ddceventsbrowser/AMZ-65_01.pdf $xH 010@ $ager 011@ $a2009 013D $RWissenschaftliche Literatur $RAufsatzsammlung $#Konferenzbericht $71071861417 $8Konferenzschrift [Tsz] $9359646190 $y2008 $zWildbad Kreuth 021A $aVom christlichen Abendland zum christlichen Europa $dPerspektiven eines religiös geprägten Europabegriffs für das 21. Jahrhundert $h[Hanns-Seidel-Stiftung, Akademie für Politik und Zeitgeschehen]. Philipp W. Hildmann (Hrsg.) 028C $BHerausgeber $#Hildmann, Philipp $4edt $71027190464 $8Hildmann, Philipp W.$Z1973- [Tp3] $9310623413 029F $#Hanns-Seidel-Stiftung $#Hanns-Seidel-Stiftung e.V. $#Hanns Seidel Stiftung e.V. (Deutschland) $#HSS $#Seidel-Stiftung $#Fond Channsa Zajdelja (Germanija) $#Hanns Seidel Foundation $#Seidel Foundation $#Fondation Hanns Seidel $#Fundación Hanns Seidel $#Fondacija Chans Zajdel $#Fundația Hanns Seidel $#Hanns Seidel Alapítvány $#Seidel Alapítvány $#Han si Sai de er ji jin hui $#Hansi Saideer ji jin hui $#Hanns-Seidel-Stiftung München $#Seidel-Stiftung München $#Hanns Seidel Foundation München $#Hanns-Seidel-Stiftung $#Seidel Foundation München $#Förderungswerk Hanns-Seidel-Stiftung München $78351-3 $8Hanns Seidel Stiftung [Tb1] $9040206653 033A $pMünchen $nHanns-Seidel-Stiftung 033E $pMünchen $nHanns-Seidel-Stiftung 034D $a1 Online-Ressource 036E $aArgumente und Materialien zum Zeitgeschehen $l65 036F $x265 $8Argumente und Materialien zum Zeitgeschehen $9200143344 $l65 044K $#Abendland $#Okzident $74015701-5 $8Europa [Tgz] $908503617X 044K $RChristentum $RPolitik $#Christianity and politics $#Christianisme et politique $#Cristianismo y política $74070000-8 $8Christliche Politik [Ts1] $9085196878 044K $ROrdnung $RWert $#Values $#Valeurs (philosophie) $#Wertsystem $#Wertewandel $#Wertstruktur $#Werteordnung $#Wertsystem $#Wertesystem $#Wert Ordnung $74135971-9 $8Wertordnung [Ts1] $908550372X 044K $RBild $REuropagedanke $REuropa $RMotiv $#Europe In literature $#Europa En la literatura $74015704-0 $8Europabild [Ts1] $9085036188 045E $c230 $c320 045F $a261.7094 $eDDC22ger 045F/01 $a261.7 045F/03 $g4 045R $aGeschichte 045Z $8BP 5700 [Tkv] $9407479341 045Z $8CB 4900 [Tkv] $9407571256 045Z $8DP 3100 [Tkv] $9407704833 045Z $8MK 5050 [Tkv] $9410827215 047A $aSacherschließung maschinell aus paralleler Ausg. übernommen lok: 22162783 3 101B $006-09-17 $t14:58:46.000 101C $006-09-17 101U $0utf8 145S/01 $a004 exp: 22162783 3 1 #EPN 201B/01 $012-03-10 $t22:58:46.000 201U/01 $0utf8 203@/01 $0589822195 208@/01 $a12-03-10 $bl 209S/01 $S0 $uhttp://www.hss.de/uploads/tx_ddceventsbrowser/AMZ-65_01.pdf $XH lok: 22162783 5 exp: 22162783 5 1 #EPN 201B/01 $012-03-10 $t22:58:46.000 201U/01 $0utf8 203@/01 $0589822209 208@/01 $a12-03-10 $bl 209S/01 $S0 $uhttp://www.hss.de/uploads/tx_ddceventsbrowser/AMZ-65_01.pdf $XH lok: 22162783 6 exp: 22162783 6 1 #EPN 201B/01 $012-03-10 $t22:58:46.000 201U/01 $0utf8 203@/01 $0589822217 208@/01 $a12-03-10 $bl 209S/01 $S0 $uhttp://www.hss.de/uploads/tx_ddceventsbrowser/AMZ-65_01.pdf $XH lok: 22162783 8 exp: 22162783 8 1 #EPN 201B/01 $012-03-10 $t22:58:47.000 201U/01 $0utf8 203@/01 $0589822225 208@/01 $a12-03-10 $bl 209S/01 $S0 $uhttp://www.hss.de/uploads/tx_ddceventsbrowser/AMZ-65_01.pdf $XH lok: 22162783 10 exp: 22162783 10 1 #EPN 201B/01 $012-03-10 $t22:58:47.000 201U/01 $0utf8 203@/01 $0589822233 208@/01 $a12-03-10 $bl 209S/01 $S0 $uhttp://www.hss.de/uploads/tx_ddceventsbrowser/AMZ-65_01.pdf $XH lok: 22162783 11 exp: 22162783 11 1 #EPN 201B/01 $012-03-10 $t22:58:47.000 201U/01 $0utf8 203@/01 $0589822241 208@/01 $a12-03-10 $bl 209S/01 $S0 $uhttp://www.hss.de/uploads/tx_ddceventsbrowser/AMZ-65_01.pdf $XH lok: 22162783 13 exp: 22162783 13 1 #EPN 201B/01 $012-03-10 $t22:58:47.000 201U/01 $0utf8 203@/01 $0589822268 208@/01 $a12-03-10 $bl 209S/01 $S0 $uhttp://www.hss.de/uploads/tx_ddceventsbrowser/AMZ-65_01.pdf $XH lok: 22162783 20 exp: 22162783 20 1 #EPN 201B/01 $012-03-10 $t22:58:47.000 201U/01 $0utf8 203@/01 $0589822276 208@/01 $a12-03-10 $bl 209S/01 $S0 $uhttp://www.hss.de/uploads/tx_ddceventsbrowser/AMZ-65_01.pdf $XH lok: 22162783 21 exp: 22162783 21 1 #EPN 201B/01 $012-03-10 $t22:58:47.000 201U/01 $0utf8 203@/01 $0589822284 208@/01 $a12-03-10 $bl 209S/01 $S0 $uhttp://www.hss.de/uploads/tx_ddceventsbrowser/AMZ-65_01.pdf $XH lok: 22162783 23 exp: 22162783 23 1 #EPN 201B/01 $012-03-10 $t22:58:47.000 201U/01 $0utf8 203@/01 $0589822292 208@/01 $a12-03-10 $bl 209S/01 $S0 $uhttp://www.hss.de/uploads/tx_ddceventsbrowser/AMZ-65_01.pdf $XH lok: 22162783 24 exp: 22162783 24 1 #EPN 201B/01 $012-03-10 $t22:58:48.000 201U/01 $0utf8 203@/01 $0589822306 208@/01 $a12-03-10 $bl 209S/01 $S0 $uhttp://www.hss.de/uploads/tx_ddceventsbrowser/AMZ-65_01.pdf $XH lok: 22162783 25 exp: 22162783 25 1 #EPN 201B/01 $012-03-10 $t22:58:48.000 201U/01 $0utf8 203@/01 $0589822314 208@/01 $a12-03-10 $bl 209S/01 $S0 $uhttp://www.hss.de/uploads/tx_ddceventsbrowser/AMZ-65_01.pdf $XH lok: 22162783 36 exp: 22162783 36 1 #EPN 201B/01 $008-05-24 $t23:14:22.748 201C/01 $008-05-24 201U/01 $0utf8 203@/01 $01262277043 208@/01 $a08-05-24 $bl 209S/01 $S0 $uhttp://www.hss.de/uploads/tx_ddceventsbrowser/AMZ-65_01.pdf $XH lok: 22162783 49 exp: 22162783 49 1 #EPN 201B/01 $031-01-20 $t19:02:05.801 201C/01 $031-01-20 201U/01 $0utf8 203@/01 $01078144869 208@/01 $a31-01-20 $bl 209S/01 $S0 $uhttp://www.hss.de/uploads/tx_ddceventsbrowser/AMZ-65_01.pdf $XH lok: 22162783 54 exp: 22162783 54 1 #EPN 201B/01 $031-01-20 $t19:02:05.839 201C/01 $031-01-20 201U/01 $0utf8 203@/01 $01078144877 208@/01 $a31-01-20 $bl 209S/01 $S0 $uhttp://www.hss.de/uploads/tx_ddceventsbrowser/AMZ-65_01.pdf $XH lok: 22162783 76 exp: 22162783 76 1 #EPN 201B/01 $029-10-16 $t08:48:58.845 201U/01 $0utf8 203@/01 $0785990062 208@/01 $a29-10-16 $bl 209S/01 $S0 $uhttp://www.hss.de/uploads/tx_ddceventsbrowser/AMZ-65_01.pdf $XH lok: 22162783 107 exp: 22162783 107 1 #EPN 201B/01 $031-01-20 $t19:02:05.867 201C/01 $031-01-20 201U/01 $0utf8 203@/01 $01078144885 208@/01 $a31-01-20 $bl 209S/01 $S0 $uhttp://www.hss.de/uploads/tx_ddceventsbrowser/AMZ-65_01.pdf $XH lok: 22162783 108 exp: 22162783 108 1 #EPN 201B/01 $031-01-20 $t19:02:05.883 201C/01 $031-01-20 201U/01 $0utf8 203@/01 $01078144893 208@/01 $a31-01-20 $bl 209S/01 $S0 $uhttp://www.hss.de/uploads/tx_ddceventsbrowser/AMZ-65_01.pdf $XH lok: 22162783 204 exp: 22162783 204 1 #EPN 201B/01 $012-03-10 $t22:58:48.000 201U/01 $0utf8 203@/01 $0589822357 208@/01 $a12-03-10 $bl 209S/01 $S0 $uhttp://www.hss.de/uploads/tx_ddceventsbrowser/AMZ-65_01.pdf $XH lok: 22162783 205 exp: 22162783 205 1 #EPN 201B/01 $012-03-10 $t22:58:48.000 201U/01 $0utf8 203@/01 $0589822365 208@/01 $a12-03-10 $bl 209S/01 $S0 $uhttp://www.hss.de/uploads/tx_ddceventsbrowser/AMZ-65_01.pdf $XH
| LEADER | 00000cam a2200000 c 4500 | ||
|---|---|---|---|
| 001 | 221627839 | ||
| 003 | DE-603 | ||
| 005 | 20240508231422.0 | ||
| 007 | cr|||||||||||| | ||
| 008 | 100312s2009 xx |||| o| u10||u|ger c | ||
| 020 | |a 9783887953492 | ||
| 035 | |a (DE-599)HEB221627839 | ||
| 035 | |a (OCoLC)604750490 | ||
| 040 | |a DE-603 |b ger |c DE-603 |d DE-603 | ||
| 041 | |a ger | ||
| 082 | 0 | 4 | |8 1\u |a 261.7094 |q DE-101 |2 22/ger |
| 084 | |a 230 |a 320 |q DE-101 |2 sdnb | ||
| 084 | |a BP 5700 |0 (DE-625)15049: |0 (DE-603)407479341 |2 rvk | ||
| 084 | |a CB 4900 |0 (DE-625)17595: |0 (DE-603)407571256 |2 rvk | ||
| 084 | |a DP 3100 |0 (DE-625)19832:761 |0 (DE-603)407704833 |2 rvk | ||
| 084 | |a MK 5050 |0 (DE-625)123066: |0 (DE-603)410827215 |2 rvk | ||
| 085 | |8 1\u |b 261.7 | ||
| 085 | |8 1\u |z 2 |s 4 | ||
| 245 | 0 | 0 | |a Vom christlichen Abendland zum christlichen Europa |b Perspektiven eines religiös geprägten Europabegriffs für das 21. Jahrhundert |c [Hanns-Seidel-Stiftung, Akademie für Politik und Zeitgeschehen]. Philipp W. Hildmann (Hrsg.) |
| 264 | 1 | |a München |b Hanns-Seidel-Stiftung |c 2009 | |
| 264 | 2 | |a München |b Hanns-Seidel-Stiftung | |
| 300 | |a 1 Online-Ressource | ||
| 336 | |a Text |b txt |2 rdacontent | ||
| 337 | |a Computermedien |b c |2 rdamedia | ||
| 338 | |a Online-Ressource |b cr |2 rdacarrier | ||
| 490 | 1 | |a Argumente und Materialien zum Zeitgeschehen |v 65 | |
| 648 | 7 | |a Geschichte |2 gnd | |
| 650 | 7 | |a Christliche Politik |0 (DE-588)4070000-8 |0 (DE-603)085196878 |2 gnd | |
| 650 | 7 | |a Wertordnung |0 (DE-588)4135971-9 |0 (DE-603)08550372X |2 gnd | |
| 650 | 7 | |a Europabild |0 (DE-588)4015704-0 |0 (DE-603)085036188 |2 gnd | |
| 651 | 7 | |a Europa |0 (DE-588)4015701-5 |0 (DE-603)08503617X |2 gnd | |
| 655 | 7 | |a Konferenzschrift |y 2008 |z Wildbad Kreuth |2 gnd-content |0 (DE-588)1071861417 |0 (DE-603)359646190 | |
| 700 | 1 | |a Hildmann, Philipp W. |d 1973- |e Herausgeber |4 edt |0 (DE-603)310623413 |0 (DE-588)1027190464 |2 gnd | |
| 710 | 2 | |a Hanns Seidel Stiftung |0 (DE-603)040206653 |0 (DE-588)8351-3 |2 gnd | |
| 830 | 0 | |t Argumente und Materialien zum Zeitgeschehen |v 65 |w (DE-603)200143344 |w (DE-600)2432096-1 |9 265 |7 as | |
| 856 | |u http://www.hss.de/uploads/tx_ddceventsbrowser/AMZ-65_01.pdf |x Verlag |z kostenfrei | ||
| 924 | 1 | |9 603 |a (DE-603)589822195 |b DE-603 |c HES |d d | |
| 924 | 1 | |9 603 |a (DE-603)589822209 |b DE-603 |c HES |d d | |
| 924 | 1 | |9 603 |a (DE-603)589822217 |b DE-603 |c HES |d d | |
| 924 | 1 | |9 603 |a (DE-603)589822225 |b DE-603 |c HES |d d | |
| 924 | 1 | |9 603 |a (DE-603)589822233 |b DE-603 |c HES |d d | |
| 924 | 1 | |9 603 |a (DE-603)589822241 |b DE-603 |c HES |d d | |
| 924 | 1 | |9 603 |a (DE-603)589822268 |b DE-603 |c HES |d d | |
| 924 | 1 | |9 603 |a (DE-603)589822276 |b DE-603 |c HES |d d | |
| 924 | 1 | |9 603 |a (DE-603)589822284 |b DE-603 |c HES |d d | |
| 924 | 1 | |9 603 |a (DE-603)589822292 |b DE-603 |c HES |d d | |
| 924 | 1 | |9 603 |a (DE-603)589822306 |b DE-603 |c HES |d d | |
| 924 | 1 | |9 603 |a (DE-603)589822314 |b DE-603 |c HES |d d | |
| 924 | 1 | |9 603 |a (DE-603)1262277043 |b DE-603 |c HES |d d | |
| 924 | 1 | |9 603 |a (DE-603)1078144869 |b DE-603 |c HES |d d | |
| 924 | 1 | |9 603 |a (DE-603)1078144877 |b DE-603 |c HES |d d | |
| 924 | 1 | |9 603 |a (DE-603)785990062 |b DE-603 |c HES |d d | |
| 924 | 1 | |9 603 |a (DE-603)1078144885 |b DE-603 |c HES |d d | |
| 924 | 1 | |9 603 |a (DE-603)1078144893 |b DE-603 |c HES |d d | |
| 924 | 1 | |9 603 |a (DE-603)589822357 |b DE-603 |c HES |d d | |
| 924 | 1 | |9 603 |a (DE-603)589822365 |b DE-603 |c HES |d d | |


